000 00608nam a2200217Ia 4500
003 OSt
005 20230504184733.0
008 210423s2019 xx 000 0 und d
020 _a978-1-64116-088-9
040 _cAL
041 _aeng
082 _a613.2
_223
_bSTEF
100 _aSTEWART (Dave)
_998180
245 _aFood and nutrition: maintaining and improving health
260 _aNew York
_bCallistoreference
_c2019
300 _avii,211
_bHB
365 _b11307.2
_cUSD
650 _aHealth Promotion
_998181
906 _aFood ; health ; improving ; maintaining ; nutrition:
942 _2ddc
_cBK
999 _c171077
_d171077